[Event "Berlin Lichtenberger op 8th"]
[Site "Berlin"]
[Date "2009.08.18"]
[Round "4"]
[White "Gloess, Henrik"]
[Black "Rickmann, David"]
[Result "1-0"]
[WhiteElo "1533"]
[BlackElo "1763"]
[PlyCount "71"]
[EventDate "2009.08.15"]
[EventType "swiss"]
[EventRounds "9"]
[EventCountry "GER"]
[SourceTitle "CBM 131 Extra"]
[Source "ChessBase"]
[SourceDate "2009.09.03"]
[SourceVersion "2"]
[SourceVersionDate "2009.09.16"]
[SourceQuality "1"]

1. d4 f5 2. g3 g6 3. Bg2 Bg7 4. c3 Nf6 5. Nh3 h6 6. Qc2 d6 7. Nd2 Nc6 8. 0-0 0-0 9. e4 Kh7 10. Nf4 e5 11. dxe5 Nxe5 12. exf5 Bxf5 13. Qb3 Rb8 14. Ne6 Bxe6 15. Qxe6 Re8 16. Qb3 Nd3 17. Nf3 Nxc1 18. Raxc1 Qd7 19. Rcd1 Ne4 20. Qc2 Qf7 21. Nh4 Nf6 22. Rfe1 b6 23. Bc6 Rf8 24. Re2 Ng8 25. Rde1 Bf6 26. Nxg6 Kg7 27. Nxf8 Rxf8 28. Qe4 Ne7 29. Qg4+ Kh8 30. Bf3 Bg5 31. Bg2 Ng6 32. Qe6 Qg7 33. f4 Bf6 34. Qg4 Qf7 35. Qh5 Nxf4 36. Qxh6+ 1-0